Jak otevírat data? /

Hlavní autor: Mráček, Jakub, 1985-
Další autoři: Boček, Jan, Čepický, Jáchym, 1979-
Jazyk: Čeština
Vydáno: [Praha] : Fond Otakara Motejla, 2014
Témata:
Fyzický popis: 113 s. ; 21 cm
Knihy
Uloženo v:
LEADER 01934nam a2200541 a 4500
001 nkc20142623460
003 CZ PrNK
005 20141003143120.0
007 ta
008 140912s2014 xr f f 000 0 cze
015 |a cnb002623460 
020 |a 978-80-87725-16-0  |q (brož.) 
035 |a (OCoLC)894845534 
040 |a BOA001  |b cze 
043 |a e-xr--- 
072 7 |a 00  |x Věda. Všeobecnosti. Základy vědy a kultury. Vědecká práce  |2 Konspekt  |9 12 
080 |a [001.103:004.738.5]-027.565  |2 MRF 
080 |a 001.102:024.5  |2 MRF 
080 |a [001.102:004.738.5]-027.565  |2 MRF 
080 |a (437.3)  |2 MRF 
080 |a (035)  |2 MRF 
100 1 |a Mráček, Jakub,  |d 1985-  |7 mzk2006368427  |4 aut  |4 edt 
245 1 0 |a Jak otevírat data? /  |c [Jakub Mráček a kolektiv] 
260 |a [Praha] :  |b Fond Otakara Motejla,  |c 2014 
300 |a 113 s. ;  |c 21 cm 
500 |a Název z obálky 
500 |a Autoři textů Jan Boček, Jáchym Čepický, Jakub Mráček 
500 |a Terminologický slovník 
504 |a Obsahuje bibliografii a bibliografické odkazy 
650 0 7 |a otevřená data  |7 ph841500  |2 czenas 
650 0 7 |a otevřená data  |7 ph841500  |z Česko  |2 czenas 
650 0 7 |a propojená data  |7 ph827253  |2 czenas 
650 0 7 |a dostupnost informací  |7 ph222816  |2 czenas 
650 0 7 |a open access  |7 ph570647  |2 czenas 
650 0 9 |a open data  |2 eczenas 
650 0 9 |a open data  |z Czechia  |2 eczenas 
650 0 9 |a linked data  |2 eczenas 
650 0 9 |a information availability  |2 eczenas 
650 0 9 |a open access  |2 eczenas 
655 7 |a příručky  |7 fd133209  |2 czenas 
655 9 |a handbooks and manuals  |2 eczenas 
700 1 |a Boček, Jan  |7 ola2012693479  |4 aut 
700 1 |a Čepický, Jáchym,  |d 1979-  |7 ola2006329782  |4 aut 
910 2 |a BOA001  |b 2-1331.774 
990 |a BK 
995 |a 01 
991 |b 201409  |c NOV  |e n 
996 6 |b 2610604222  |c 2-1331.774  |l MZK  |r Sklad / do 1 hodiny  |n 3  |p p.v.  |w 001454548  |u 000010  |a 1  |e BOA001  |j MZK50  |s P